000 00710nam a2200145Ia 4500
008 151213s9999 xx 000 0 und d
100 _aসৈয়দ শারমিন আফসার ও সৈয়দ নূরুল করীম।
245 _aআ্যমেরিকার উচ্চ শিক্ষা ও স্কলারশিপ।
_cসৈয়দ শারমিন আফসার ও সৈয়দ নূরুল করীম।
260 _aঢাকা
_bও আর ডি।
300 _a3126 p.
650 _aEducation
650 _aReference
700 _aসৈয়দ শারমিন আফসার ও সৈয়দ নূরুল করীম।
999 _c2151
_d2151